| 000 | 00593nam a2200205 a 4500 | ||
|---|---|---|---|
| 005 | 20210223125232.0 | ||
| 008 | 040112s1995 es r 000 0 spa d | ||
| 020 | _a8477382727 | ||
| 035 | _aUPN01000131181 | ||
| 049 | _aCG | ||
| 050 | 4 |
_aPN56 _bP3.4 |
|
| 100 | 1 | _aParaíso, Isabel | |
| 245 | 1 | 0 |
_aLiteratura y psicología / _cIsabel Paraíso. |
| 260 |
_aMadrid : _bSíntesis, _c1995. |
||
| 300 | _a238 p. | ||
| 440 | 0 | _aTeoría de la literatura y literatura comparada | |
| 650 | 4 |
_aPSICOANALISIS Y LITERATURA _97084 |
|
| 650 | 4 |
_aPSICOANALISIS EN LA LITERATURA _914150 |
|
| 905 | _aLibro | ||
| 999 |
_c103336 _d103336 |
||